1674 1677 1277 1504 1947 1377 1576 1805 2000 1587 1852 1858 1602 1124 1401 1837 1921 1449 1854 1963 1909 1222 1640 1782 1924 1280 1528 1404 1581 1052 1784 1056 1401 1901 1459 1055 1203 1851 1305 1484 1002 1004 1902 1659 1937 1464 1600 1424 1026 1257 1188 1852 1591 1236 1336 1124 1485 1868 1538 1870 1238 1194 1854 1841 1944 1365 1410 1524 1920 1897 1481 1594 1150 1352 1988 1162 1555 1064 1976 1289 1002 1051 1871 1413 1335 1045 1331 1782 1100 1169 1354 1314 1688 1317 1284 1583 1260 1699 1209 BCNSPRNW ULIB Ver.6.0+V

เปลี่ยนเป็นภาษาไทย

Change to English
 แสดงรายละเอียดบรรณานุกรม
  กลับหน้าหลัก

Brief Record : Get Marc (ISO 2709) : E-mail record : QR code < ปิดหน้าต่าง
LEADER : 00000nam 2200000uu 4500
001    13399107934
003     ULIB
008    110210s2543||||th 000 0 tha d
020    9746440411
060 04 WY156.7^bว431ก 2543
100 0  วัฒนา ศรีพจนารถ
245 10 การพยาบาลหญิงตั้งครรภ์ :^bแบบแผนสุขภาพ /^cวัฒนา ศรีพจนารถ
250    พิมพ์ครั้งที่ 2
260    สงขลา :^bภาควิชาการพยาบาลสูติ-นรีเวชและผดุงครรภ์คณะพยาบาลศาสตร์ มหาวิทยาลัยสงขลานครินทร์,^c2543
300    ก-จ, 191 หน้า :^bภาพประกอบ ;^c25 ซม.
650  7 การพยาบาลสูติศาสตร์
650  7 ครรภ์
650  7 แบบแผนสุขภาพ
710 2  มหาวิทยาลัยสงขลานครินทร์. ^bคณะพยาบาลศาสตร์.^bภาควิชาการพยาบาลสูติ-นรีเวชและผดุงครรภ์
945    ^p175^l0^i013183
945    ^p175^l0^i013145
945    ^p175^l0^i013144
945    ^p175^l0^i013143
945    ^p175^l0^i013182
995    ทศพร
999 ^a ใช้งานได้ทุกระบบ
รายการนี้ยังไม่มีแท็ก
คุณยังไม่ได้ล็อกอิน คุณสามารถมีกิจกรรมร่วมกับเว็บไซต์ได้ แต่ต้องล็อกอินก่อน ::
  ล็อกอิน

รายการสื่อสารสนเทศ

ลำดับที่ ประเภท เลขเรียก/บาร์โค้ด สถานที่ สถานะ
- ไม่พบข้อมูล -

รายการใกล้เคียง
    ผู้แต่ง [วัฒนา ศรีพจนารถ]

    หัวเรื่อง [การพยาบาลสูติศาสตร์]
    หัวเรื่อง [ครรภ์]
    หัวเรื่อง [แบบแผนสุขภาพ]

BibComment


ยังไม่เคยถูกคอมเมนท์

คอมเมนท์ทรัพยากรรายการนี้
  คอมเมนท์: การพยาบาลหญิงตั้ง..


 Copyright 2026. Bcnsprnw @Library